Ordenanzas municipales tipo (Registro nro. 7577)

Detalles MARC
000 -LEADER
fixed length control field 00841 a2200253 4500
001 - CONTROL NUMBER
control field 62134
005 - DATE AND TIME OF LATEST TRANSACTION
control field 20260407155915.0
008 - FIXED-LENGTH DATA ELEMENTS--GENERAL INFORMATION
fixed length control field 260407a1988 arg spa d
003 - CONTROL NUMBER IDENTIFIER
control field AR-UNSa-BCEJYS
040 ## - CATALOGING SOURCE
Original cataloging agency AR-UNSa-BCEJYS
Language of cataloging spa
Transcribing agency AR-UNSa-BCEJYS
080 ## - UNIVERSAL DECIMAL CLASSIFICATION NUMBER
Universal Decimal Classification number 352(460)
Common auxiliary subdivision Administración Municipal y Local de España
020 ## - INTERNATIONAL STANDARD BOOK NUMBER
International Standard Book Number 978-84-7088-473-3
041 ## - LANGUAGE CODE
Language code of text/sound track or separate title spa
100 1# - MAIN ENTRY--PERSONAL NAME
Personal name Barril Dosset, Rafael
245 10 - TITLE STATEMENT
Title Ordenanzas municipales tipo
Name of part/section of a work ordenanza fiscal general y ocho ordenanzas específicas
264 #1 - PRODUCTION, PUBLICATION, DISTRIBUTION, MANUFACTURE, AND COPYRIGHT NOTICE
Place of production, publication, distribution, manufacture Madrid :
Name of producer, publisher, distributor, manufacturer Instituto Nacional de Administración Pública (INAP)
Date of production, publication, distribution, manufacture, or copyright notice 1988
300 ## - PHYSICAL DESCRIPTION
Extent 87 p.
Dimensions 24 cm.
590 ## - LOCAL NOTE (RLIN)
Local note niveau_biblio:m niveau_hierar:0
700 1# - ADDED ENTRY--PERSONAL NAME
Personal name Parera Camos, Juan Pedro
700 1# - ADDED ENTRY--PERSONAL NAME
Personal name Caballero Pastor, Pedro J.
700 1# - ADDED ENTRY--PERSONAL NAME
Personal name Montes, César Martín
700 1# - ADDED ENTRY--PERSONAL NAME
Personal name Mendoza Pineda, Manuel
942 ## - ADDED ENTRY ELEMENTS (KOHA)
Koha item type
Existencias
Withdrawn status Lost status Damaged status Not for loan Home library Current library Shelving location Date acquired Total checkouts Full call number Barcode Date last seen Price effective from Koha item type
        Biblioteca Prof. Eusebio Cleto del Rey Biblioteca Prof. Eusebio Cleto del Rey   07/04/2026   352(460) O65m L58462 07/04/2026 07/04/2026 Libro